1648 1584 1164 1639 1502 1951 1154 1318 1274 1768 1626 1944 1948 1398 1850 1774 1920 1155 1609 1271 1147 1704 1630 1791 1692 1648 1680 1142 1514 1783 1521 1862 1914 1524 1810 1633 1016 1258 1359 1550 1606 1369 1790 1915 1053 1667 1253 1014 1544 1690 1334 1311 1660 1997 1618 1071 1745 1510 1954 1838 1120 1581 1032 1541 1134 1931 1553 1819 1811 1233 1362 1651 1746 1643 1585 1706 1986 1079 1882 1595 1850 1484 1767 1617 1117 1005 1155 1588 1818 1599 1712 1107 1591 1715 1806 1489 1835 1059 1275 BCNSPRNW ULIB Ver.6.0+V

เปลี่ยนเป็นภาษาไทย

Change to English
 แสดงรายละเอียดบรรณานุกรม
  กลับหน้าหลัก

Brief Record : Get Marc (ISO 2709) : E-mail record : QR code < ปิดหน้าต่าง
LEADER : 00000nam 2200000uu 4500
001    13399109834
003     ULIB
008    110303s||||||||th 000 0 tha d
020    9747762838
060 04 WC503.7^bก169ค ล.4 2539
110 1  กระทรวงสาธารณสุข^bกรมสุขภาพจิต
245 00 คู่มือการฝึกอบรมการให้คำปรึกษาเรื่องโรคเอดส์ เล่มที่4 /^cกรมสุขภาพจิต
260    [นนทบุรี] :^bกรมสุขภาพจิต,^c2539
300    20 หน้า
650  7 การให้คำปรึกษา
650  7 โรคเอดส์
945    ^p0^l0^i029163
995    ทศพร
999 ^a ใช้งานได้ทุกระบบ
รายการนี้ยังไม่มีแท็ก
คุณยังไม่ได้ล็อกอิน คุณสามารถมีกิจกรรมร่วมกับเว็บไซต์ได้ แต่ต้องล็อกอินก่อน ::
  ล็อกอิน

รายการสื่อสารสนเทศ

ลำดับที่ ประเภท เลขเรียก/บาร์โค้ด สถานที่ สถานะ
- ไม่พบข้อมูล -

รายการใกล้เคียง
    หัวเรื่อง [การให้คำปรึกษา]
    หัวเรื่อง [โรคเอดส์]

BibComment


ยังไม่เคยถูกคอมเมนท์

คอมเมนท์ทรัพยากรรายการนี้
  คอมเมนท์: คู่มือการฝึกอบรมก..


 Copyright 2026. Bcnsprnw @Library